000 00620cam a2200217 a 4500
001 12462462
005 20180301065358.0
008 010706s2002 njua 001 0 eng
010 _a 2001036556
020 _a0130891649
040 _aDLC
_cDLC
_dDLC
041 _aeng
080 _a642.5 JOH
082 0 0 _a642.5 JOH
_221
100 1 _a9
101 _aMJE
245 1 0 _aProfitable menu planning /
_cJohn A. Drysdale, Jennifer Adams Aldrich.
906 _a7
_bcbc
_corignew
_d1
_eocip
_f20
_gy-gencatlg
942 _2ddc
_cBK
999 _c43815
_d43815